La transición hacia una nueva civilización: el futuro de la humanidad desde una perspectiva histórica /
Guardado en:
| Autor principal: | |
|---|---|
| Formato: | Desconocido |
| Lenguaje: | Spanish |
| Publicado: |
Costa Rica :
Departamento Ecuménico de Investigaciones
|
| Colección: | Colección Universitaria
|
| Etiquetas: |
Agregar Etiqueta
Sin Etiquetas, Sea el primero en etiquetar este registro!
|
MARC
| LEADER | 00000 a2200000 04500 | ||
|---|---|---|---|
| 001 | 42786 | ||
| 003 | cru CIDCACS/IIS | ||
| 005 | 20231212093050.0 | ||
| 008 | 050702s2010 cr spa d | ||
| 020 | |a 978-9977-83-164-0 | ||
| 040 | |c cru CIDCACS/IIS |a cru CIDCACS/IIS | ||
| 090 | |a 05.01.01 D563t | ||
| 100 | |a Dierckxsens, Wim | ||
| 245 | |a La transición hacia una nueva civilización: |b el futuro de la humanidad desde una perspectiva histórica / |c Wim Dierckxsens | ||
| 260 | |a Costa Rica : |b Departamento Ecuménico de Investigaciones | ||
| 300 | |a 183 páginas | ||
| 440 | |a Colección Universitaria | ||
| 942 | |2 z |c LI |h 05.01.01 D563t |i 11423 |i 12677 |6 050101_D563T_11423__12677 | ||
| 999 | |c 5194 |d 5194 | ||



